Państwo po kontynencie, pierwszej literze i ostatniej - Statystyki

Ogólne statystyki
  • Ten quiz został rozwiązany 59 razy
  • Średni wynik to 28 z 30
Statystyki odpowiedzi
Hint Odpowiedź % Poprawnych
Afryka,G-N Gabon
96%
Ameryka Środkowa
T-O
Trynidad i
Tobago
96%
Oceania,A-A Australia
94%
Ameryka Północna,B-E Belize
94%
Europa,C-Y Czechy
94%
Ameryka Południowa,E-R Ekwador
94%
Oceania,F-I Fidżi
94%
Azja,J-A Japonia
94%
Ameryka Północna,K-A Kanada
94%
Afryka,K-A Kenia
94%
Oceania,K-I Kiribati
94%
Afryka,M-R Madagaskar
94%
Ameryka Północna,M-K Meksyk
94%
Azja,M-A Mongolia
94%
Europa,N-Y Niemcy
94%
Ameryka Południowa,P-U Peru
94%
Europa,W-Y Włochy|Węgry
94%
Afryka,B-I Burundi
92%
Afryka,E-T Egipt
92%
Azja,K-T Kuwejt
92%
Azja,L-S Laos
92%
Afryka,M-O Maroko
92%
Afryka,N-A Nigeria|Namibia
92%
Azja,O-N Oman
92%
Ameryka Środkowa,S-S Saint Kitts i Nevis
92%
Oceania,V-U Vanuatu
92%
Afryka,M-I Malawi|Mali
88%
Ameryka Północna,
S-E
Stany
Zjednoczone
88%
Ameryka Południowa,
S-M
Surinan
87%
Azja,K-A Kambodża
85%
Nie znaleziono quizów pasujących do podanych kryteriów
Rozkład punktacji
Procent ludzi z każdym wynikiem
Percentyl według liczby udzielonych odpowiedzi
Twoja historia wyników
Nie rozwiązałeś tego quizu